Особливості канадської іднентифікації у творах Маргарет Етвуд. (Запис № 284990)

МАРК-запис
000 -LEADER
fixed length control field 02678nam a22001577a 4500
041 ## - LANGUAGE CODE
Language code of text/sound track or separate title ukr
080 ## - UNIVERSAL DECIMAL CLASSIFICATION NUMBER
Universal Decimal Classification number 09
090 ## - LOCALLY ASSIGNED LC-TYPE CALL NUMBER (OCLC); LOCAL CALL NUMBER (OCLC)
Local cutter number (OCLC) ; Book number/undivided call number, CALL (RLIN) ПОЛ
100 ## - MAIN ENTRY--PERSONAL NAME
Personal name Поліщук Інна Володимирівна
245 ## - TITLE STATEMENT
Title Особливості канадської іднентифікації у творах Маргарет Етвуд.
260 ## - PUBLICATION, DISTRIBUTION, ETC. (IMPRINT)
Place of publication, distribution, etc Острог
Name of publisher, distributor, etc КАФ
Date of publication, distribution, etc 2012
300 ## - PHYSICAL DESCRIPTION
Extent 64
520 ## - SUMMARY, ETC.
Summary, etc Розділ 1. Основні аспекти формування стилю Маргарет Етвуд.<br/>1.1 Загальні тенденції Епохи Нового Часу.<br/>1.2 Особливості Епохи Нового часу в Канадській літературі.<br/>1.3 Еволюція манери письма Маргарет Етвуд крізь призму написаних творів.<br/>Розділ 2. Засади формування канадської ідентичності.<br/>2.1 Історичні передумови.<br/>2.1.1 Корінне населення Канади.<br/>2.1.2 Французькі поселення та боротьба за ідентичність франкомовних канадців в Канаді.<br/>2.2 Франкомовні канадці та вплив на ідентичність канадця в англомовній Канаді.<br/>2.3 Мультикультуралізм у контексті трансформації ідентичності.<br/>2.4 Комунікативно-діалогічні концепції канадської ідентичності під впливом американської культури.<br/>2.5 Формування ідентичності сучасного канадця засобами державної культурної політики.<br/>Розділ 3 Збірний образ канадця 20 століття з творів Маргарет Етвуд.<br/>3.1 Відображення національного типу мислення у романі "Рік Потопу" ("The Year of the Flood,2009")<br/>3.2 Гендерна автентичність та соціальна сатира у романі "Історія,розказана Служницею" (Handmaids Tale, 1985).<br/>3.3. Роман-антиутопія "Орікс та Кейк" (Oryx and Crake, 2003), як довідник визначення психологічного феномену особистості канадця.<br/>3.4. Карти ідентичності та проблема "американізації" у романі "За водною гладінню" (Surfacing, 1972)
-- стиль,твір
650 ## - SUBJECT ADDED ENTRY--TOPICAL TERM
Topical term or geographic name as entry element Research Papers
942 ## - ADDED ENTRY ELEMENTS (KOHA)
Koha item type Книги
Фонди
Withdrawn status Lost status Source of classification or shelving scheme Damaged status Not for loan Home library Current library Date acquired Source of acquisition Cost, normal purchase price Total Checkouts Full call number Barcode Date last seen Price effective from Koha item type
    Universal Decimal Classification     ВІЛ - Відділ іноземн. літератури НБ ВІЛ - Відділ іноземн. літератури НБ 18/09/2012 Акт №5 1.00   09 215031 10/11/2021 18/09/2012 Книги